A34_女性人口の超過人数TOP100の市区町村 - Statistics

General Stats
  • This quiz has been taken 7 times
  • The average score is 91 of 100
Answer Stats
順位 都道府
県名
種類 女性の
超過人数
(人)
市町村名 % Correct
1 北海道 126,116 札幌市
100%
2 大阪府 88,509 大阪市
100%
3 福岡県 84,068 福岡市
100%
4 兵庫県 80,365 神戸市
100%
5 京都府 74,525 京都市
100%
7 福岡県 45,093 北九州市
100%
8 鹿児島県 40,057 鹿児島市
100%
9 熊本県 38,885 熊本市
100%
10 広島県 38,495 広島市
100%
11 神奈川県 38,112 横浜市
100%
12 宮城県 35,686 仙台市
100%
14 愛媛県 30,084 松山市
100%
15 愛知県 29,702 名古屋市
100%
17 長崎県 28,721 長崎市
100%
18 新潟県 28,399 新潟市
100%
19 岡山県 26,312 岡山市
100%
21 北海道 23,211 旭川市
100%
22 奈良県 23,089 奈良市
100%
29 大阪府 18,292 吹田市
100%
31 大分県 17,762 大分市
100%
39 東京都 特別区 15,880 目黒区
100%
42 東京都 特別区 15,656 港区
100%
43 岩手県 15,393 盛岡市
100%
45 香川県 13,962 高松市
100%
47 大阪府 13,432 東大阪市
100%
56 徳島県 11,992 徳島市
100%
57 東京都 特別区 11,308 文京区
100%
61 東京都 特別区 10,425 江東区
100%
67 富山県 9,537 富山市
100%
69 北海道 9,381 釧路市
100%
73 大分県 9,017 別府市
100%
78 山口県 8,324 山口市
100%
79 東京都 特別区 8,296 品川区
100%
83 福島県 7,796 福島市
100%
84 福井県 7,635 福井市
100%
86 島根県 7,247 松江市
100%
87 千葉県 7,206 千葉市
100%
89 三重県 6,986 津市
100%
90 群馬県 6,906 前橋市
100%
6 東京都 特別区 49,400 世田谷区
86%
13 大阪府 35,475 堺市
86%
16 兵庫県 28,974 西宮市
86%
20 東京都 特別区 24,919 練馬区
86%
23 宮崎県 21,982 宮崎市
86%
24 東京都 特別区 21,528 杉並区
86%
25 北海道 21,061 函館市
86%
26 大阪府 21,023 豊中市
86%
27 高知県 19,874 高知市
86%
28 和歌山県 18,705 和歌山市
86%
30 岐阜県 18,017 岐阜市
86%
32 静岡県 17,643 静岡市
86%
33 青森県 17,496 青森市
86%
34 大阪府 17,380 枚方市
86%
35 大阪府 17,041 高槻市
86%
36 兵庫県 16,863 宝塚市
86%
37 秋田県 16,731 秋田市
86%
38 山口県 16,086 下関市
86%
40 兵庫県 15,729 姫路市
86%
41 石川県 15,697 金沢市
86%
44 福岡県 14,883 久留米市
86%
46 兵庫県 13,458 尼崎市
86%
48 滋賀県 13,054 大津市
86%
49 埼玉県 12,614 さいたま市
86%
50 東京都 特別区 12,456 板橋区
86%
51 青森県 12,216 弘前市
86%
52 大阪府 12,038 八尾市
86%
53 佐賀県 12,029 佐賀市
86%
54 長崎県 12,027 佐世保市
86%
55 岡山県 12,012 倉敷市
86%
58 兵庫県 11,011 明石市
86%
59 広島県 10,894 福山市
86%
60 大阪府 10,586 茨木市
86%
62 沖縄県 10,216 那覇市
86%
63 東京都 10,190 町田市
86%
64 長野県 10,049 長野市
86%
65 北海道 9,942 小樽市
86%
66 山形県 9,912 山形市
86%
68 兵庫県 9,411 芦屋市
86%
70 神奈川県 9,381 鎌倉市
86%
71 東京都 特別区 9,366 渋谷区
86%
72 愛知県 9,111 一宮市
86%
74 青森県 8,872 八戸市
86%
75 兵庫県 8,762 川西市
86%
76 宮崎県 8,540 都城市
86%
77 熊本県 8,365 八代市
86%
80 大阪府 8,276 寝屋川市
86%
81 東京都 特別区 8,170 中央区
86%
85 北海道 7,372 帯広市
86%
88 福岡県 7,198 大牟田市
86%
91 山口県 6,778 宇部市
86%
92 兵庫県 6,770 伊丹市
86%
93 神奈川県 6,765 茅ヶ崎市
86%
94 東京都 6,736 調布市
86%
95 京都府 6,662 宇治市
86%
96 鳥取県 6,604 米子市
86%
97 群馬県 6,594 高崎市
86%
98 佐賀県 6,500 唐津市
86%
99 愛媛県 6,378 今治市
86%
100 大阪府 6,313 和泉市
86%
82 大阪府 7,992 岸和田市
71%
No matching quizzes found
Score Distribution
Percent of People with Each Score
Percentile by Number Answered
Your Score History
You have not taken this quiz